000 00335nam a2200133Ia 4500
005 20260328101509.0
008 260328s9999||||xx |||||||||||||| ||und||
100 _aViatte, Germain
245 0 _aLe Corbusier :
_b Et La Mediterranee /
_cGermain Viatte
260 _bParentheses
300 _a215 p.
650 _aARQUITECTOS
942 _cBK
999 _c9133
_d9133